La Celestina

Gardado en:
Detalles Bibliográficos
Autor Principal: Rojas, Fernando de
Formato: Libro
Idioma:Undetermined
Publicado: Madrid, España Aguilar 1960
Materias:
Etiquetas: Engadir etiqueta
Sen Etiquetas, Sexa o primeiro en etiquetar este rexistro!

MARC

LEADER 00000nam a2200000Ia 4500
008 170316s9999 xx 000 0 und d
040 |a cru BVZT 
090 |a 862 R-13c 
100 |a Rojas, Fernando de 
245 |a La Celestina 
260 |a Madrid, España 
260 |b Aguilar 
260 |c 1960 
300 |a 556 páginas 
650 |a LITERATURA ESPAÑOLA 
999 |c 10341  |d 10341 
942 |c 15 D  |h 862 R-13c  |2 z